| 000 | 00534nam a2200169 i 4500 | ||
|---|---|---|---|
| 001 | 147842 | ||
| 003 | ES-MaACL | ||
| 005 | 20230906202302.0 | ||
| 007 | t| | ||
| 008 | 071005s1972 sp ||||1| spa d | ||
| 100 | 1 |
_aUtz, Arthur Fridolin. _9112343 |
|
| 245 | 1 | 0 |
_aManual de ética / _cArthur Fridolin Utz ; con la colaboración de Brigitta von Galen ; versión de Rufino Jimeno. |
| 260 |
_aBarcelona : _bHerder, _c1972. |
||
| 300 |
_a218 p. ; _c22 cm. |
||
| 700 | 1 |
_aJimeno, Rufino. _966642 |
|
| 852 |
_aES-MaACL _jC-42743 _bR.81004 |
||
| 999 |
_c147842 _d147842 |
||